000 00453nam a22001817a 4500
003 MPLRDC
005 20220104123323.0
008 210129b ||||| |||| 00| 0 eng d
020 _a7-208-02445-6
082 _a312.9099 GATES 1997
100 _a云晓光编著
245 _a电脑金童: 比尔. 盖茨
_c
250 _a一版一刷
260 _a
_b上海人民出版社
_c1997
300 _b
650 _a
942 _cBK
_o312.9099 GATES 1997
999 _c10404
_d10394